[Event "XLIV Memoriał Szachowy Ludwika Zamenhofa 2025, Grupa B"]
[Site "Bialystok, Poland"]
[Date "2025.12.29"]
[Round "5.21"]
[White "Pidluznij, Matvej"]
[Black "Kicinska, Anna"]
[Result "0-1"]
[TimeControl "90'+30\""]
[WhiteElo "1868"]
[BlackElo "1901"]

1. e4 {[%clk 01:30:58]} {[%emt 00:00:01]} d5 {[%clk 01:30:56]} {[%emt
00:00:04]} 2. exd5 {[%clk 01:31:22]} {[%emt 00:00:06]} Qxd5 {[%clk 01:31:22]}
{[%emt 00:00:04]} 3. Nc3 {[%clk 01:31:44]} {[%emt 00:00:08]} Qa5 {[%clk
01:31:49]} {[%emt 00:00:04]} 4. d4 {[%clk 01:32:03]} {[%emt 00:00:11]} Nf6
{[%clk 01:32:05]} {[%emt 00:00:14]} 5. Nf3 {[%clk 01:32:22]} {[%emt 00:00:09]}
Bf5 {[%clk 01:32:16]} {[%emt 00:00:20]} 6. Ne5 {[%clk 01:25:49]} {[%emt
00:07:03]} e6 {[%clk 01:26:03]} {[%emt 00:06:44]} 7. g4 {[%clk 01:24:09]}
{[%emt 00:02:09]} Be4 {[%clk 01:23:14]} {[%emt 00:03:19]} 8. Rg1 {[%clk
00:58:08]} {[%emt 00:26:32]} Nd5 {[%clk 01:04:33]} {[%emt 00:19:10]} 9. Bd2
{[%clk 00:56:29]} {[%emt 00:02:08]} Nxc3 {[%clk 01:03:19]} {[%emt 00:01:45]} 10.
Bxc3 {[%clk 00:50:41]} {[%emt 00:06:17]} Bb4 {[%clk 01:00:56]} {[%emt
00:02:53]} 11. Rg3 {[%clk 00:44:14]} {[%emt 00:06:57]} Nc6 {[%clk 00:54:31]}
{[%emt 00:06:55]} 12. Nxc6 {[%clk 00:39:13]} {[%emt 00:05:32]} Bxc6 {[%clk
00:53:39]} {[%emt 00:01:22]} 13. Qd2 {[%clk 00:34:33]} {[%emt 00:05:11]} Bxc3
{[%clk 00:53:43]} {[%emt 00:00:25]} 14. Qxc3 {[%emt 00:09:29]} Qg5 {[%clk
00:46:22]} 15. Qe3 {[%clk 00:30:25]} {[%emt 00:03:31]} Qf6 {[%clk 00:43:08]}
{[%emt 00:03:43]} 16. O-O-O {[%clk 00:30:08]} {[%emt 00:00:46]} O-O-O {[%clk
00:41:14]} {[%emt 00:02:25]} 17. Bg2 {[%clk 00:26:22]} {[%emt 00:04:16]} Rd6
{[%clk 00:35:33]} {[%emt 00:06:11]} 18. Bxc6 {[%clk 00:18:29]} {[%emt
00:08:23]} Rxc6 {[%clk 00:35:57]} {[%emt 00:00:06]} 19. f4 {[%clk 00:18:27]}
{[%emt 00:00:32]} Rd8 {[%clk 00:32:42]} {[%emt 00:03:44]} 20. Qe4 {[%clk
00:13:45]} {[%emt 00:05:13]} Rc4 {[%clk 00:28:08]} {[%emt 00:05:04]} 21. Rgd3
{[%clk 00:13:15]} {[%emt 00:01:00]} Qh4 {[%clk 00:14:18]} {[%emt 00:14:21]} 22.
h3 {[%clk 00:11:13]} {[%emt 00:02:32]} c5 {[%clk 00:04:43]} {[%emt 00:10:04]}
23. f5 {[%clk 00:05:11]} {[%emt 00:06:03]} Qg5+ {[%clk 00:02:33]} {[%emt
00:02:39]} 24. Qe3 {[%clk 00:03:27]} {[%emt 00:02:45]} Qxe3+ {[%clk 00:02:39]}
{[%emt 00:00:24]} 25. Rxe3 {[%clk 00:03:56]} exf5 {[%clk 00:02:30]} {[%emt
00:00:40]} 26. gxf5 {[%clk 00:02:26]} {[%emt 00:02:01]} Rcxd4 {[%clk 00:01:14]}
{[%emt 00:01:46]} 27. Rg1 {[%clk 00:02:01]} {[%emt 00:00:54]} R4d5 {[%clk
00:01:10]} {[%emt 00:00:34]} 28. c4 {[%clk 00:01:10]} {[%emt 00:01:20]} Rxf5
{[%clk 00:01:01]} {[%emt 00:00:39]} 29. Rxg7 {[%clk 00:01:39]} {[%emt
00:00:02]} Rf1+ {[%clk 00:01:22]} {[%emt 00:00:09]} 30. Kc2 {[%clk 00:02:02]}
{[%emt 00:00:07]} Rf2+ {[%clk 00:01:43]} {[%emt 00:00:09]} 31. Kc3 {[%clk
00:00:48]} {[%emt 00:01:44]} h6 {[%clk 00:00:43]} {[%emt 00:01:30]} 32. Rh7
{[%clk 00:00:37]} {[%emt 00:00:41]} Rd6 {[%clk 00:00:56]} {[%emt 00:00:17]} 33.
Rh8+ {[%clk 00:00:34]} {[%emt 00:00:33]} Kd7 {[%clk 00:00:45]} {[%emt
00:00:41]} 34. Rhe8 {[%clk 00:00:36]} {[%emt 00:00:28]} Re6 {[%clk 00:00:42]}
{[%emt 00:00:34]} 35. R3xe6 {[%clk 00:00:40]} {[%emt 00:00:26]} fxe6 {[%clk
00:01:05]} {[%emt 00:00:07]} 36. Rh8 {[%clk 00:00:33]} {[%emt 00:00:36]} Rf3+
{[%clk 00:01:31]} {[%emt 00:00:05]} 37. Kc2 {[%clk 00:01:01]} {[%emt 00:00:03]}
Rxh3 {[%clk 00:01:35]} {[%emt 00:00:25]} 38. Rh7+ {[%clk 00:01:26]} {[%emt
00:00:04]} Kc6 {[%clk 00:01:32]} {[%emt 00:00:33]} 39. Re7 {[%clk 00:01:48]}
{[%emt 00:00:08]} Rh2+ {[%clk 00:00:43]} {[%emt 00:01:20]} 40. Kc3 {[%clk
00:02:04]} {[%emt 00:00:14]} Rh3+ {[%clk 00:01:10]} {[%emt 00:00:03]} 41. Kd2
{[%clk 00:02:05]} {[%emt 00:00:28]} Kd6 {[%clk 00:00:36]} {[%emt 00:01:05]} 42.
Rxb7 {[%clk 00:02:21]} {[%emt 00:00:14]} Ke5 {[%clk 00:00:40]} {[%emt
00:00:27]} 43. Rxa7 {[%clk 00:00:42]} {[%emt 00:02:09]} Kd4 {[%clk 00:01:05]}
{[%emt 00:00:04]} 44. b3 {[%clk 00:00:35]} {[%emt 00:00:37]} Rh2+ {[%clk
00:01:31]} {[%emt 00:00:04]} 45. Kd1 {[%clk 00:00:32]} {[%emt 00:00:26]} e5
{[%clk 00:01:41]} {[%emt 00:00:27]} 46. Rd7+ {[%clk 00:00:38]} {[%emt
00:00:23]} Ke3 {[%clk 00:00:39]} {[%emt 00:01:32]} 47. a4 {[%clk 00:00:49]}
{[%emt 00:00:19]} e4 {[%clk 00:00:41]} {[%emt 00:00:28]} 48. a5 {[%clk
00:00:52]} {[%emt 00:00:26]} Ra2 {[%clk 00:00:37]} {[%emt 00:00:34]} 49. Rd6
{[%clk 00:00:43]} {[%emt 00:00:40]} h5 {[%clk 00:00:37]} {[%emt 00:00:30]} 50.
Rd5 {[%clk 00:01:09]} {[%emt 00:00:04]} h4 {[%clk 00:00:48]} {[%emt 00:00:19]}
51. Rh5 {[%clk 00:00:56]} {[%emt 00:00:43]} Kd3 {[%clk 00:01:09]} {[%emt
00:00:10]} 52. Rd5+ {[%clk 00:00:56]} {[%emt 00:00:30]} Kc3 {[%clk 00:00:59]}
{[%emt 00:00:40]} 53. Rh5 {[%clk 00:00:50]} {[%emt 00:00:36]} e3 {[%clk
00:00:43]} {[%emt 00:00:46]} 54. Rxh4 {[%clk 00:00:32]} {[%emt 00:00:48]} Kd3
{[%clk 00:01:08]} {[%emt 00:00:04]} 55. Kc1 {[%clk 00:01:01]} {[%emt 00:00:02]}
e2 {[%clk 00:01:24]} {[%emt 00:00:14]} 56. Rh3+ {[%clk 00:01:15]} {[%emt
00:00:15]} Ke4 {[%clk 00:01:44]} {[%emt 00:00:09]} 57. Rh4+ {[%clk 00:01:08]}
{[%emt 00:00:38]} Kf3 {[%clk 00:02:08]} {[%emt 00:00:05]} 58. Rh3+ {[%clk
00:01:13]} {[%emt 00:00:25]} Kg2 {[%clk 00:02:33]} {[%emt 00:00:05]} 59. Re3
{[%clk 00:01:17]} {[%emt 00:00:26]} Kf2 {[%clk 00:02:59]} {[%emt 00:00:04]} 0-1

[Event "XLIV Memoriał Szachowy Ludwika Zamenhofa 2025, Grupa B"]
[Site "Bialystok, Poland"]
[Date "2025.12.29"]
[Round "5.22"]
[White "Nowak, Roksana"]
[Black "Mykhaliuk, Mykhailo"]
[Result "0-1"]
[TimeControl "90'+30\""]
[WhiteElo "1900"]
[BlackElo "1775"]

1. e4 {[%clk 01:30:56]} {[%emt 00:00:02]} e6 {[%clk 01:29:06]} {[%emt
00:01:55]} 2. d4 {[%clk 01:31:15]} {[%emt 00:00:10]} d5 {[%clk 01:29:31]}
{[%emt 00:00:05]} 3. Nc3 {[%clk 01:30:58]} {[%emt 00:00:47]} Bb4 {[%clk
01:29:53]} {[%emt 00:00:08]} 4. e5 {[%clk 01:31:10]} {[%emt 00:00:18]} c5
{[%clk 01:30:08]} {[%emt 00:00:16]} 5. a3 {[%clk 01:31:35]} {[%emt 00:00:06]}
Bxc3+ {[%clk 01:30:10]} {[%emt 00:00:27]} 6. bxc3 {[%clk 01:31:59]} {[%emt
00:00:06]} Qc7 {[%clk 01:30:23]} {[%emt 00:00:16]} 7. h4 {[%clk 01:31:12]}
{[%emt 00:01:17]} Ne7 {[%clk 01:26:35]} {[%emt 00:04:19]} 8. Bd3 {[%clk
01:29:19]} {[%emt 00:02:23]} Nbc6 {[%clk 01:25:49]} {[%emt 00:01:16]} 9. Be3
{[%clk 01:16:40]} {[%emt 00:13:08]} c4 {[%clk 01:25:01]} {[%emt 00:01:18]} 10.
Be2 {[%clk 01:15:34]} {[%emt 00:01:37]} Bd7 {[%clk 01:22:43]} {[%emt 00:02:47]}
11. f4 {[%clk 01:12:31]} {[%emt 00:03:32]} Nf5 {[%clk 01:22:10]} {[%emt
00:01:04]} 12. Bf2 {[%clk 01:12:56]} {[%emt 00:00:05]} Qa5 {[%clk 01:22:15]}
{[%emt 00:00:25]} 13. Qd2 {[%clk 01:07:42]} {[%emt 00:05:44]} h5 {[%clk
01:22:30]} {[%emt 00:00:14]} 14. Bxh5 {[%clk 01:06:33]} {[%emt 00:01:39]} Rxh5
{[%clk 01:20:05]} {[%emt 00:02:55]} 15. g4 {[%clk 01:06:58]} {[%emt 00:00:05]}
Rh6 {[%clk 01:16:48]} {[%emt 00:03:47]} 16. gxf5 {[%clk 01:07:05]} {[%emt
00:00:23]} Ne7 {[%clk 01:16:06]} {[%emt 00:01:12]} 17. Nf3 {[%clk 00:59:30]}
{[%emt 00:08:05]} Nxf5 {[%clk 01:15:28]} {[%emt 00:01:07]} 18. Ke2 {[%clk
00:55:51]} {[%emt 00:04:10]} O-O-O {[%clk 01:15:24]} {[%emt 00:00:30]} 19. Rab1
{[%clk 00:52:42]} {[%emt 00:03:43]} f6 {[%clk 01:13:53]} {[%emt 00:02:01]} 20.
Rb4 {[%clk 00:48:37]} {[%emt 00:04:35]} Be8 {[%clk 01:13:04]} {[%emt 00:01:16]}
21. a4 {[%clk 00:39:29]} {[%emt 00:09:42]} Rd7 {[%clk 01:11:59]} {[%emt
00:01:35]} 22. Qc1 {[%clk 00:38:12]} {[%emt 00:01:47]} Bh5 {[%clk 01:10:28]}
{[%emt 00:02:00]} 23. Qb2 {[%clk 00:31:56]} {[%emt 00:06:47]} Qd8 {[%clk
01:07:36]} {[%emt 00:03:21]} 24. Rb1 {[%clk 00:29:46]} {[%emt 00:02:40]} Bxf3+
{[%clk 01:00:56]} {[%emt 00:07:10]} 25. Kxf3 {[%clk 00:30:14]} {[%emt
00:00:03]} Qe7 {[%clk 00:57:10]} {[%emt 00:04:16]} 26. a5 {[%clk 00:27:43]}
{[%emt 00:03:00]} Qf7 {[%clk 00:57:20]} {[%emt 00:00:20]} 27. Qa3 {[%clk
00:20:05]} {[%emt 00:08:09]} Qh5+ {[%clk 00:55:51]} {[%emt 00:01:58]} 28. Kg2
{[%clk 00:20:29]} {[%emt 00:00:07]} Rg6+ {[%clk 00:56:07]} {[%emt 00:00:13]} 29.
Kf1 {[%clk 00:20:27]} {[%emt 00:00:33]} Qf3 {[%clk 00:56:08]} {[%emt 00:00:28]}
30. Ke1 {[%clk 00:15:06]} {[%emt 00:05:51]} Rg2 {[%clk 00:55:05]} {[%emt
00:01:34]} 31. Rxc4+ {[%clk 00:14:39]} {[%emt 00:00:57]} dxc4 {[%clk 00:55:14]}
{[%emt 00:00:20]} 32. Qc5+ {[%clk 00:11:17]} {[%emt 00:03:52]} Qc6 {[%clk
00:52:24]} {[%emt 00:03:20]} 33. Qxa7 {[%clk 00:09:19]} {[%emt 00:02:28]} Qe4+
{[%clk 00:52:21]} {[%emt 00:00:32]} 34. Kd1 {[%clk 00:09:34]} {[%emt 00:00:15]}
Rxf2 {[%clk 00:48:09]} {[%emt 00:04:42]} 0-1

[Event "XLIV Memoriał Szachowy Ludwika Zamenhofa 2025, Grupa B"]
[Site "Bialystok, Poland"]
[Date "2025.12.29"]
[Round "5.23"]
[White "Rabiej, Mateusz"]
[Black "Czachurski, Ignacy"]
[Result "0-1"]
[TimeControl "90'+30\""]
[WhiteElo "1722"]
[BlackElo "1890"]

1. d4 {[%clk 01:30:57]} {[%emt 00:00:02]} Nf6 {[%clk 01:27:44]} {[%emt
00:03:17]} 2. c4 {[%clk 01:31:26]} {[%emt 00:00:01]} e6 {[%clk 01:27:32]}
{[%emt 00:00:42]} 3. Nc3 {[%clk 01:31:52]} {[%emt 00:00:05]} Bb4 {[%clk
01:27:46]} {[%emt 00:00:16]} 4. e3 {[%clk 01:32:16]} {[%emt 00:00:05]} O-O
{[%clk 01:24:15]} {[%emt 00:04:01]} 5. Bd3 {[%clk 01:32:43]} {[%emt 00:00:04]}
c5 {[%clk 01:21:19]} {[%emt 00:03:25]} 6. a3 {[%clk 01:31:28]} {[%emt
00:01:46]} cxd4 {[%clk 01:19:18]} {[%emt 00:02:30]} 7. axb4 {[%clk 01:30:15]}
{[%emt 00:01:43]} dxc3 {[%clk 01:19:34]} {[%emt 00:00:14]} 8. bxc3 {[%clk
01:30:38]} {[%emt 00:00:07]} d5 {[%clk 01:15:14]} {[%emt 00:04:50]} 9. cxd5
{[%clk 01:30:25]} {[%emt 00:00:43]} Qxd5 {[%clk 01:13:53]} {[%emt 00:01:51]} 10.
Nf3 {[%clk 01:29:31]} {[%emt 00:01:25]} e5 {[%clk 01:12:14]} {[%emt 00:02:08]}
11. c4 {[%clk 01:29:01]} {[%emt 00:01:01]} Qe6 {[%clk 01:07:44]} {[%emt
00:04:58]} 12. O-O {[%clk 01:21:48]} {[%emt 00:07:43]} Qe7 {[%clk 01:04:03]}
{[%emt 00:04:11]} 13. Nd2 {[%clk 01:03:15]} {[%emt 00:19:03]} Rd8 {[%clk
00:56:11]} {[%emt 00:08:22]} 14. Qc2 {[%clk 01:02:13]} {[%emt 00:01:32]} Nc6
{[%clk 00:53:00]} {[%emt 00:03:40]} 15. Ba3 {[%clk 00:59:31]} {[%emt 00:03:13]}
Qd7 {[%clk 00:51:10]} {[%emt 00:02:19]} 16. Bxh7+ {[%clk 00:55:03]} {[%emt
00:04:59]} Nxh7 {[%clk 00:51:13]} {[%emt 00:00:27]} 17. Nf3 {[%clk 00:55:11]}
{[%emt 00:00:23]} Qe6 {[%clk 00:46:39]} {[%emt 00:05:03]} 18. b5 {[%clk
00:55:17]} {[%emt 00:00:24]} e4 {[%clk 00:44:14]} {[%emt 00:02:54]} 19. Nd2
{[%clk 00:54:37]} {[%emt 00:01:10]} Ne5 {[%clk 00:42:46]} {[%emt 00:01:58]} 20.
c5 {[%clk 00:54:48]} {[%emt 00:00:20]} Qg6 {[%clk 00:40:27]} {[%emt 00:02:48]}
21. Qxe4 {[%clk 00:54:46]} {[%emt 00:00:33]} Qxe4 {[%clk 00:35:11]} {[%emt
00:05:45]} 22. Nxe4 {[%clk 00:55:07]} {[%emt 00:00:10]} a6 {[%clk 00:33:02]}
{[%emt 00:02:39]} 23. Bb2 {[%clk 00:53:00]} {[%emt 00:02:38]} f6 {[%clk
00:28:29]} {[%emt 00:05:02]} 24. h3 {[%clk 00:49:14]} {[%emt 00:04:15]} Nf8
{[%clk 00:26:41]} {[%emt 00:02:19]} 25. f4 {[%clk 00:44:13]} {[%emt 00:05:31]}
Nc4 {[%clk 00:23:08]} {[%emt 00:04:02]} 26. Bd4 {[%clk 00:43:31]} {[%emt
00:01:14]} Ne6 {[%clk 00:22:46]} {[%emt 00:00:51]} 27. Ra4 {[%clk 00:41:16]}
{[%emt 00:02:45]} Nxd4 {[%clk 00:22:12]} {[%emt 00:01:04]} 28. exd4 {[%clk
00:41:33]} {[%emt 00:00:12]} Bf5 {[%clk 00:21:28]} {[%emt 00:01:14]} 29. Ng3
{[%clk 00:39:54]} {[%emt 00:02:10]} Be6 {[%clk 00:19:32]} {[%emt 00:02:25]} 30.
Re1 {[%clk 00:38:29]} {[%emt 00:01:55]} Bf7 {[%clk 00:18:20]} {[%emt 00:01:40]}
31. bxa6 {[%clk 00:37:44]} {[%emt 00:01:18]} bxa6 {[%clk 00:17:47]} {[%emt
00:01:02]} 32. Nf5 {[%clk 00:37:29]} {[%emt 00:00:46]} Kf8 {[%clk 00:16:17]}
{[%emt 00:02:01]} 33. Rc1 {[%clk 00:34:11]} {[%emt 00:03:47]} a5 {[%clk
00:13:52]} {[%emt 00:02:55]} 34. g4 {[%clk 00:32:14]} {[%emt 00:02:26]} Nb2
{[%clk 00:12:33]} {[%emt 00:01:49]} 35. Ra3 {[%clk 00:32:02]} {[%emt 00:00:43]}
Nc4 {[%clk 00:12:51]} {[%emt 00:00:12]} 36. Ra4 {[%clk 00:32:19]} {[%emt
00:00:13]} Bd5 {[%clk 00:12:31]} {[%emt 00:00:50]} 37. h4 {[%clk 00:29:11]}
{[%emt 00:03:38]} g6 {[%clk 00:11:47]} {[%emt 00:01:14]} 38. Ng3 {[%clk
00:29:18]} {[%emt 00:00:23]} Ne3 {[%clk 00:11:26]} {[%emt 00:02:26]} 39. g5
{[%clk 00:25:53]} Rab8 {[%clk 00:11:26]} 40. Re1 {[%clk 00:25:53]} {[%emt
00:03:20]} Ng2 {[%clk 00:11:35]} {[%emt 00:00:19]} 41. h5 {[%clk 00:24:17]}
{[%emt 00:02:08]} Nxf4 {[%clk 00:09:11]} {[%emt 00:02:54]} 42. Rf1 {[%clk
00:24:38]} {[%emt 00:00:09]} Nh3+ {[%clk 00:09:09]} {[%emt 00:00:31]} 43. Kh2
{[%clk 00:25:04]} {[%emt 00:00:05]} Rb2+ {[%clk 00:08:27]} {[%emt 00:01:12]} 44.
Kxh3 {[%clk 00:25:32]} {[%emt 00:00:02]} Be6+ {[%clk 00:08:29]} {[%emt
00:00:28]} 45. Nf5 {[%clk 00:25:53]} {[%emt 00:00:09]} gxf5 {[%clk 00:08:30]}
{[%emt 00:00:29]} 46. Re1 {[%clk 00:24:45]} {[%emt 00:01:38]} Re8 {[%clk
00:07:15]} {[%emt 00:01:46]} 47. gxf6 {[%clk 00:24:38]} {[%emt 00:00:37]} f4+
{[%clk 00:06:24]} {[%emt 00:01:20]} 48. Kh4 {[%clk 00:25:07]} Rg2 {[%clk
00:06:32]} {[%emt 00:00:22]} 49. h6 {[%clk 00:25:01]} {[%emt 00:00:36]} Kf7
{[%clk 00:05:35]} {[%emt 00:01:25]} 50. d5 {[%clk 00:25:17]} {[%emt 00:00:16]}
Rh8 {[%clk 00:04:19]} {[%emt 00:01:44]} 51. dxe6+ {[%clk 00:25:08]} {[%emt
00:00:41]} Kg6 {[%clk 00:04:39]} {[%emt 00:00:10]} 52. Kh3 {[%clk 00:24:41]}
{[%emt 00:00:57]} Rg3+ {[%clk 00:05:01]} {[%emt 00:00:07]} 0-1

[Event "XLIV Memoriał Szachowy Ludwika Zamenhofa 2025, Grupa B"]
[Site "Bialystok, Poland"]
[Date "2025.12.29"]
[Round "5.24"]
[White "Kicinska, Magdalena"]
[Black "Borowik, Monika"]
[Result "1-0"]
[TimeControl "90'+30\""]
[WhiteElo "1883"]
[BlackElo "1732"]

1. d4 {[%clk 01:30:58]} {[%emt 00:00:01]} d5 {[%clk 01:29:44]} {[%emt
00:01:10]} 2. Nf3 {[%clk 01:31:23]} {[%emt 00:00:11]} Nf6 {[%clk 01:29:59]}
{[%emt 00:00:14]} 3. c4 {[%clk 01:31:46]} {[%emt 00:00:07]} c6 {[%clk
01:30:05]} {[%emt 00:00:25]} 4. Nbd2 {[%clk 01:31:06]} {[%emt 00:01:10]} e6
{[%clk 01:29:11]} {[%emt 00:01:24]} 5. g3 {[%clk 01:31:31]} {[%emt 00:00:05]}
Nbd7 {[%clk 01:25:59]} {[%emt 00:03:42]} 6. Bg2 {[%clk 01:31:52]} {[%emt
00:00:09]} Bd6 {[%clk 01:25:37]} {[%emt 00:00:52]} 7. O-O {[%clk 01:32:14]}
{[%emt 00:00:08]} O-O {[%clk 01:25:57]} {[%emt 00:00:10]} 8. Qc2 {[%clk
01:32:08]} {[%emt 00:00:35]} Re8 {[%clk 01:23:48]} {[%emt 00:02:40]} 9. e4
{[%clk 01:29:47]} {[%emt 00:02:51]} Nxe4 {[%clk 01:14:16]} {[%emt 00:10:01]} 10.
Nxe4 {[%clk 01:29:18]} {[%emt 00:00:59]} dxe4 {[%clk 01:14:40]} {[%emt
00:00:07]} 11. Qxe4 {[%clk 01:27:42]} {[%emt 00:02:05]} Nf6 {[%clk 01:13:13]}
{[%emt 00:01:58]} 12. Qc2 {[%clk 01:22:09]} {[%emt 00:06:03]} Qc7 {[%clk
01:09:09]} {[%emt 00:04:34]} 13. b3 {[%clk 01:18:43]} {[%emt 00:03:57]} Rb8
{[%clk 01:02:35]} {[%emt 00:07:04]} 14. c5 {[%clk 01:17:33]} {[%emt 00:01:39]}
Bf8 {[%clk 00:57:58]} {[%emt 00:05:07]} 15. Bf4 {[%clk 01:17:43]} {[%emt
00:00:20]} e5 {[%clk 00:58:20]} {[%emt 00:00:08]} 16. Bxe5 {[%clk 01:17:08]}
{[%emt 00:01:05]} Rxe5 {[%clk 00:58:17]} {[%emt 00:00:33]} 17. Nxe5 {[%clk
01:15:29]} {[%emt 00:02:09]} Be6 {[%clk 00:56:29]} {[%emt 00:02:19]} 18. b4
{[%clk 01:11:33]} {[%emt 00:04:26]} Rd8 {[%clk 00:54:40]} {[%emt 00:02:18]} 19.
Rad1 {[%clk 01:09:06]} {[%emt 00:02:57]} Nd5 {[%clk 00:50:11]} {[%emt
00:04:59]} 20. Qb2 {[%clk 01:05:50]} {[%emt 00:03:46]} g6 {[%clk 00:46:43]}
{[%emt 00:03:58]} 21. Rfe1 {[%clk 01:01:33]} {[%emt 00:04:48]} a6 {[%clk
00:44:26]} {[%emt 00:02:47]} 22. Nf3 {[%clk 00:56:56]} {[%emt 00:05:07]} Bg7
{[%clk 00:37:27]} {[%emt 00:07:29]} 23. Ng5 {[%clk 00:54:44]} {[%emt 00:02:41]}
Bg4 {[%clk 00:35:51]} {[%emt 00:02:07]} 24. Bf3 {[%clk 00:50:48]} {[%emt
00:04:25]} Bxf3 {[%clk 00:34:07]} {[%emt 00:02:15]} 25. Nxf3 {[%clk 00:51:10]}
{[%emt 00:00:08]} Qd7 {[%clk 00:33:09]} {[%emt 00:01:28]} 26. Nh4 {[%clk
00:41:03]} {[%emt 00:10:38]} Nc7 {[%clk 00:28:28]} {[%emt 00:05:10]} 27. Qb3
{[%clk 00:31:02]} {[%emt 00:10:30]} Ne6 {[%clk 00:23:03]} {[%emt 00:05:56]} 28.
Nf3 {[%clk 00:28:52]} {[%emt 00:02:40]} Nc7 {[%clk 00:13:37]} {[%emt 00:09:56]}
29. Ne5 {[%clk 00:25:39]} {[%emt 00:03:43]} Qd5 {[%clk 00:13:38]} {[%emt
00:00:29]} 30. Qxd5 {[%clk 00:25:21]} {[%emt 00:00:49]} Nxd5 {[%clk 00:12:52]}
{[%emt 00:01:16]} 31. a3 {[%clk 00:24:11]} {[%emt 00:01:40]} Nc3 {[%clk
00:10:34]} {[%emt 00:02:48]} 32. Rd3 {[%clk 00:23:07]} {[%emt 00:01:34]} Nb5
{[%clk 00:09:07]} {[%emt 00:01:57]} 33. Nf3 {[%clk 00:22:24]} {[%emt 00:01:13]}
Bf6 {[%clk 00:08:40]} {[%emt 00:00:58]} 34. Kg2 {[%clk 00:22:06]} {[%emt
00:00:47]} Kg7 {[%clk 00:08:35]} {[%emt 00:00:36]} 35. Red1 {[%clk 00:21:51]}
{[%emt 00:00:43]} Nc7 {[%clk 00:08:43]} {[%emt 00:00:23]} 36. Ne1 {[%clk
00:21:32]} {[%emt 00:00:48]} Bg5 {[%clk 00:06:41]} {[%emt 00:02:33]} 37. Nc2
{[%clk 00:21:27]} {[%emt 00:00:35]} f5 {[%clk 00:06:02]} {[%emt 00:01:09]} 38.
f4 {[%clk 00:20:51]} {[%emt 00:01:07]} Bf6 {[%clk 00:06:23]} {[%emt 00:00:08]}
39. Ne3 {[%clk 00:20:55]} {[%emt 00:00:26]} Nd5 {[%clk 00:04:04]} {[%emt
00:02:49]} 40. Nxd5 {[%clk 00:20:01]} {[%emt 00:01:24]} Rxd5 {[%clk 00:03:38]}
{[%emt 00:00:56]} 41. a4 {[%clk 00:18:55]} {[%emt 00:01:36]} Kf7 {[%clk
00:03:53]} {[%emt 00:00:14]} 42. Kf3 {[%clk 00:18:35]} {[%emt 00:00:50]} Ke6
{[%clk 00:03:42]} {[%emt 00:00:41]} 43. b5 {[%clk 00:17:22]} {[%emt 00:01:43]}
axb5 {[%clk 00:02:10]} {[%emt 00:02:03]} 44. axb5 {[%clk 00:17:45]} {[%emt
00:00:07]} cxb5 {[%clk 00:02:32]} {[%emt 00:00:08]} 45. Rb1 {[%clk 00:17:58]}
{[%emt 00:00:16]} Kd7 {[%clk 00:01:22]} {[%emt 00:01:40]} 46. Rxb5 {[%clk
00:18:22]} {[%emt 00:00:07]} Kc7 {[%clk 00:01:30]} {[%emt 00:00:22]} 47. Rb6
{[%clk 00:16:56]} {[%emt 00:01:56]} Rxd4 {[%clk 00:01:09]} {[%emt 00:00:52]} 48.
Rdb3 {[%clk 00:16:33]} {[%emt 00:00:52]} Bd8 {[%clk 00:00:55]} {[%emt
00:00:44]} 49. Rxb7+ {[%clk 00:13:52]} {[%emt 00:03:12]} Kc6 {[%clk 00:01:23]}
{[%emt 00:00:01]} 50. R7b4 {[%clk 00:13:09]} {[%emt 00:01:13]} Rd5 {[%clk
00:01:20]} {[%emt 00:00:33]} 51. Rc4 {[%clk 00:13:11]} {[%emt 00:00:27]} Rd2
{[%clk 00:01:26]} {[%emt 00:00:25]} 52. h3 {[%clk 00:11:49]} {[%emt 00:01:52]}
Bc7 {[%clk 00:01:40]} {[%emt 00:00:16]} 53. g4 {[%clk 00:09:56]} {[%emt
00:02:23]} fxg4+ {[%clk 00:01:53]} {[%emt 00:00:16]} 54. hxg4 {[%clk 00:10:03]}
{[%emt 00:00:23]} Rd1 {[%clk 00:02:09]} {[%emt 00:00:14]} 55. Rb2 {[%clk
00:06:42]} {[%emt 00:03:49]} Rf1+ {[%clk 00:02:31]} {[%emt 00:00:09]} 56. Rf2
{[%clk 00:06:39]} {[%emt 00:00:32]} Rd1 {[%clk 00:02:44]} {[%emt 00:00:18]} 57.
g5 {[%clk 00:06:02]} {[%emt 00:01:07]} Rd7 {[%clk 00:02:46]} {[%emt 00:00:28]}
58. Kg4 {[%clk 00:05:53]} {[%emt 00:00:38]} Bd8 {[%clk 00:02:40]} {[%emt
00:00:36]} 59. Re2 {[%clk 00:05:31]} {[%emt 00:00:51]} Rd1 {[%clk 00:02:35]}
{[%emt 00:00:36]} 60. Rcc2 {[%clk 00:04:53]} {[%emt 00:01:08]} Rg1+ {[%clk
00:02:50]} {[%emt 00:00:16]} 61. Rg2 {[%clk 00:04:46]} {[%emt 00:00:35]} Re1
{[%clk 00:02:52]} {[%emt 00:00:28]} 62. Rh2 {[%clk 00:04:22]} {[%emt 00:00:54]}
Re7 {[%clk 00:03:16]} {[%emt 00:00:07]} 63. Rhe2 {[%clk 00:04:28]} {[%emt
00:00:24]} Rf7 {[%clk 00:03:15]} {[%emt 00:00:31]} 64. Re6+ {[%clk 00:04:43]}
{[%emt 00:00:15]} Kc7 {[%clk 00:03:15]} {[%emt 00:00:29]} 65. c6 {[%clk
00:04:39]} {[%emt 00:00:35]} Be7 {[%clk 00:03:22]} {[%emt 00:00:22]} 66. Rb2
{[%clk 00:04:17]} {[%emt 00:00:50]} Kc8 {[%clk 00:03:22]} {[%emt 00:00:32]} 67.
Rb7 {[%clk 00:04:33]} {[%emt 00:00:14]} Kd8 {[%clk 00:03:39]} {[%emt 00:00:13]}
68. Rd7+ {[%clk 00:04:40]} {[%emt 00:00:22]} Ke8 {[%clk 00:04:02]} {[%emt
00:00:08]} 69. Re4 {[%clk 00:04:39]} {[%emt 00:00:31]} Rg7 {[%clk 00:04:19]}
{[%emt 00:00:13]} 70. Ra4 {[%clk 00:04:37]} {[%emt 00:00:32]} Kf7 {[%clk
00:04:12]} {[%emt 00:00:37]} 71. c7 {[%clk 00:04:52]} {[%emt 00:00:15]} Rg8
{[%clk 00:04:31]} {[%emt 00:00:12]} 72. Re4 {[%clk 00:05:14]} {[%emt 00:00:08]}
1-0